Historischer Schul-Atlas /

Salvato in:
Dettagli Bibliografici
Autore principale: Putzger, Friedrich Wilhelm (autor)
Altri autori: Sehle, Max (edición) (edición), Gilberborth, Hans (edición) (edición), Istraut, Martin (edición) (edición)
Natura: Libro
Lingua:German
Pubblicazione: Bielefeld, Alemania : Velhagen und Klasing, 1934
Soggetti:
Tags: Aggiungi Tag
Nessun Tag, puoi essere il primo ad aggiungerne!!

MARC

LEADER 00000nam^a2200000^a^4500
001 000564061
005 20250526000000.0
009 20260310132018.679
037 |a Acervo ITESO - Biblioteca 
041 |a ALE 
082 |a 911.  |b PUT 
100 |a Putzger, Friedrich Wilhelm  |e (autor) 
245 1 0 |a Historischer Schul-Atlas /  |c F.W. Putzger ; ed. de M. Sehle, H. Gilberborth, M. Istraut. 
264 1 |a Bielefeld, Alemania :  |b Velhagen und Klasing,  |c 1934 
300 |a 160 p. ;  |c 25.5 cm. 
336 |a texto  |b txt  |2 rdacontenido 
337 |a sin mediación  |b n  |2 rdamedio 
338 |a volumen  |b nc  |2 rdasoporte 
561 |a Ex libris manuscrito de Adolf Hans Wridt 
649 |a XX 
650 |a Atlas Históricos -  |x Tema Principal 
650 |a Geografía Histórica 
700 |a Sehle, Max  |e (edición) 
700 |a Gilberborth, Hans  |e (edición) 
700 |a Istraut, Martin  |e (edición) 
910 |a Fondo General 
920 |a Impresos - Libros 
930 |a Libros Antiguos y Raros 
905 |a 108 
901 |a 0500400170  |b IT2  |c LRA  |i D8566  |u 20250526 
902 |a https://opac.biblio.iteso.mx/vufind/Record/000564061